[Event "Foment Martinenc op-B 17th"]
[Site "Barcelona"]
[Date "2015.06.13"]
[Round "8"]
[White "Bernat Pascual, Magi"]
[Black "Bonada Navarro, Alexandre"]
[Result "1-0"]
[WhiteElo "1879"]
[BlackElo "1846"]
[PlyCount "87"]
[EventDate "2015.04.25"]
[EventType "swiss"]
[EventRounds "9"]
[EventCountry "ESP"]
[SourceTitle "EXT 2017"]
[Source "ChessBase"]
[SourceDate "2016.10.25"]
[SourceVersion "1"]
[SourceVersionDate "2016.10.25"]
[SourceQuality "1"]

1. d4 d5 2. c4 c6 3. Nf3 Nf6 4. Nc3 e6 5. Bg5 h6 6. Bxf6 Qxf6 7. e3 Qd8 8. Bd3 dxc4 9. Bxc4 b5 10. Be2 a6 11. 0-0 Be7 12. Qb3 0-0 13. Rac1 Qb6 14. Na4 Qd8 15. Nc5 Bxc5 16. Rxc5 Bb7 17. Rfc1 Qe7 18. Ne5 Rc8 19. Bf3 Qd6 20. Qc2 Nd7 21. Nxd7 Qxd7 22. Bxc6 Bxc6 23. Rxc6 Rd8 24. h3 Qd5 25. b3 a5 26. Qc5 b4 27. Qxd5 Rxd5 28. Rc8+ Rxc8 29. Rxc8+ Kh7 30. Rc5 Kg6 31. Rxd5 exd5 32. Kf1 Kf5 33. Ke2 Ke4 34. f3+ Kf5 35. Kd3 Ke6 36. g4 f5 37. gxf5+ Kxf5 38. e4+ Ke6 39. Ke3 h5 40. Kf4 g6 41. Kg5 Kf7 42. exd5 Ke7 43. Kxg6 Kd6 44. f4 1-0

[Event "Foment Martinenc op-B 17th"]
[Site "Barcelona"]
[Date "2015.05.30"]
[Round "6"]
[White "Bonada Navarro, Alexandre"]
[Black "Gonzalez Muelas, Marco Antonio"]
[Result "0-1"]
[WhiteElo "1846"]
[BlackElo "1902"]
[PlyCount "48"]
[EventDate "2015.04.25"]
[EventType "swiss"]
[EventRounds "9"]
[EventCountry "ESP"]
[SourceTitle "EXT 2017"]
[Source "ChessBase"]
[SourceDate "2016.10.25"]
[SourceVersion "1"]
[SourceVersionDate "2016.10.25"]
[SourceQuality "1"]

1. e4 c5 2. Nf3 d6 3. d4 cxd4 4. Nxd4 Nf6 5. Nc3 a6 6. Nd5 Nbd7 7. Bd3 e6 8. Nc3 Be7 9. 0-0 0-0 10. f4 b5 11. Nc6 Qb6+ 12. Nd4 Qxd4+ 13. Kh1 Qb6 14. Qf3 Bb7 15. Be3 Qc6 16. Ne2 Nxe4 17. c4 Nec5 18. Bxh7+ Kxh7 19. Qh5+ Kg8 20. Rf3 Nf6 21. Qg5 Nce4 22. Qh4 Nc5 23. b4 Ncd7 24. Rg1 Qe4 0-1

[Event "Barcelona Catalunya op 26th"]
[Site "Barcelona"]
[Date "2014.11.15"]
[Round "7"]
[White "Calafell Marques, Josep"]
[Black "Bonada Navarro, Alexandre"]
[Result "1-0"]
[WhiteElo "1950"]
[BlackElo "1848"]
[PlyCount "31"]
[EventDate "2014.09.27"]
[EventType "swiss"]
[EventRounds "9"]
[EventCountry "ESP"]
[SourceTitle "EXT 2017"]
[Source "ChessBase"]
[SourceDate "2016.10.25"]
[SourceVersion "1"]
[SourceVersionDate "2016.10.25"]
[SourceQuality "1"]

1. e4 c5 2. Nc3 e6 3. Nf3 a6 4. d4 cxd4 5. Nxd4 Qc7 6. Be3 Nf6 7. Bd3 Be7 8. f3 0-0 9. Qd2 b5 10. 0-0-0 Bb7 11. g4 b4 12. Nce2 d5 13. g5 Nh5 14. Ng3 Nxg3 15. hxg3 Qxg3 16. Bf4 1-0

[Event "Barcelona Catalunya op 26th"]
[Site "Barcelona"]
[Date "2014.10.11"]
[Round "3"]
[White "Maspoch Vila, Marc"]
[Black "Bonada Navarro, Alexandre"]
[Result "0-1"]
[WhiteElo "1991"]
[BlackElo "1848"]
[PlyCount "104"]
[EventDate "2014.09.27"]
[EventType "swiss"]
[EventRounds "9"]
[EventCountry "ESP"]
[SourceTitle "EXT 2017"]
[Source "ChessBase"]
[SourceDate "2016.10.25"]
[SourceVersion "1"]
[SourceVersionDate "2016.10.25"]
[SourceQuality "1"]

1. c4 c6 2. e4 e5 3. Nf3 d6 4. Nc3 Bg4 5. Be2 Bxf3 6. Bxf3 Nd7 7. 0-0 Ngf6 8. d4 exd4 9. Qxd4 c5 10. Qd1 Ne5 11. Qa4+ Qd7 12. Qxd7+ Nfxd7 13. Be2 0-0-0 14. Rd1 Nb8 15. f4 Nec6 16. Bg4+ Nd7 17. Nb5 Kb8 18. Bxd7 Rxd7 19. Be3 Rd8 20. a3 g6 21. Rab1 a6 22. Nc3 Bg7 23. Bf2 Rhe8 24. Bh4 Bd4+ 25. Bf2 Bxc3 26. bxc3 Rxe4 27. Rb6 Rxc4 28. Rdb1 Na5 29. Rxa6 Ra4 30. Rb5 b6 31. Rbxb6+ Kc7 32. Rb5 Rxa3 33. Rbxa5 Rxc3 34. g3 Rb8 35. Ra1 d5 36. Ra7+ Rb7 37. Rxb7+ Kxb7 38. Ra5 Kb6 39. Ra8 d4 40. Rd8 d3 41. Be1 Rc1 42. Kf2 c4 43. Rc8 Rc2+ 44. Kf3 d2 45. Bf2+ Kb5 46. Rd8 Kb4 47. Ke3 c3 48. g4 Kb3 49. Rb8+ Ka2 50. Ra8+ Kb1 51. Rb8+ Kc1 52. Ra8 d1N+ 0-1

[Event "Foment Martinenc op-C 16th"]
[Site "Barcelona"]
[Date "2014.05.31"]
[Round "6"]
[White "Rodriguez Condo, Raul Andres"]
[Black "Bonada Navarro, Alexandre"]
[Result "0-1"]
[WhiteElo "1831"]
[BlackElo "1825"]
[PlyCount "54"]
[EventDate "2014.04.26"]
[EventType "swiss"]
[EventRounds "9"]
[EventCountry "ESP"]
[SourceTitle "EXT 2015"]
[Source "ChessBase"]
[SourceDate "2014.11.20"]
[SourceVersion "1"]
[SourceVersionDate "2014.11.20"]
[SourceQuality "1"]

1. d4 d5 2. Nf3 Nf6 3. Bf4 c5 4. e3 Qb6 5. b3 Ne4 6. Nfd2 Qa5 7. Bd3 cxd4 8. Bxe4 dxe3 9. Bxe3 dxe4 10. 0-0 Qe5 11. c3 b5 12. Bd4 Qd5 13. Re1 f5 14. Qh5+ g6 15. Qg5 Rg8 16. Rxe4 h6 17. Rxe7+ Bxe7 18. Qxh6 Bb7 19. Nf3 g5 20. Qh5+ Kd8 21. c4 bxc4 22. bxc4 Qe6 23. Ne5 Nc6 24. Nxc6+ Bxc6 25. Qd1 Qd6 26. c5 Qd5 27. f3 Bxc5 0-1

[Event "Foment Martinenc op-C 16th"]
[Site "Barcelona"]
[Date "2014.05.17"]
[Round "4"]
[White "Sanchez Viana, Jordi"]
[Black "Bonada Navarro, Alexandre"]
[Result "0-1"]
[WhiteElo "1850"]
[BlackElo "1825"]
[PlyCount "66"]
[EventDate "2014.04.26"]
[EventType "swiss"]
[EventRounds "9"]
[EventCountry "ESP"]
[SourceTitle "EXT 2015"]
[Source "ChessBase"]
[SourceDate "2014.11.20"]
[SourceVersion "1"]
[SourceVersionDate "2014.11.20"]
[SourceQuality "1"]

1. e4 c5 2. Nc3 e6 3. Nge2 a6 4. d4 cxd4 5. Nxd4 Qc7 6. Be2 Nf6 7. 0-0 Be7 8. Be3 0-0 9. Nb3 b5 10. a3 Bb7 11. f3 d6 12. Bd3 Nbd7 13. Qe1 Rfe8 14. Qg3 Bf8 15. Rad1 Rad8 16. Qf2 Nc5 17. Nxc5 dxc5 18. Be2 Rxd1 19. Rxd1 b4 20. axb4 cxb4 21. Na4 Qxc2 22. Nb6 Qxb2 23. Bd4 Qc2 24. Bxf6 gxf6 25. Qg3+ Kh8 26. Kf1 Bc6 27. Qf4 Bb5 28. Re1 b3 29. Bxb5 axb5 30. Qxf6+ Kg8 31. Qg5+ Bg7 32. Rc1 Qd3+ 33. Ke1 b2 0-1

[Event "Mataro op 10th"]
[Site "Mataro"]
[Date "2013.10.26"]
[Round "4"]
[White "Llopis Jordan, Lluis"]
[Black "Bonada Navarro, Alexandre"]
[Result "1-0"]
[WhiteElo "1928"]
[BlackElo "1808"]
[PlyCount "29"]
[EventDate "2013.09.28"]
[EventType "swiss"]
[EventRounds "9"]
[EventCountry "ESP"]
[SourceTitle "EXT 2016"]
[Source "ChessBase"]
[SourceDate "2015.10.08"]
[SourceVersion "1"]
[SourceVersionDate "2015.10.08"]
[SourceQuality "1"]

1. f4 d5 2. Nf3 Nc6 3. e3 Bf5 4. b3 f6 5. Nh4 Bg6 6. Nxg6 hxg6 7. Bd3 Nh6 8. Bxg6+ Nf7 9. h4 d4 10. Qg4 Qd5 11. e4 Qd6 12. Ba3 Qxa3 13. Nxa3 Nb4 14. Qe6 Rd8 15. Bxf7# 1-0